Introducción histórica al derecho romano
I tiakina i:
| Kaituhi matua: | |
|---|---|
| Hōputu: | Pukapuka |
| Reo: | Pāniora |
| I whakaputaina: |
Bilbao
Universidad de Deusto
1977
|
| Rangatū: | Publicaciones. Universidad de Deusto España. Serie Derecho, 7
|
| Ngā marau: | |
| Ngā Tūtohu: |
Tāpirihia he Tūtohu
Kāore He Tūtohu, Me noho koe te mea tuatahi ki te tūtohu i tēnei pūkete!
|
MARC
| LEADER | 00000nam a2200000 a 4500 | ||
|---|---|---|---|
| 001 | UCV3362 | ||
| 003 | CL-VaPUC | ||
| 008 | 930603e19770000SP |||||||||||||||||spa|d | ||
| 082 | 0 | 4 | |a 340.54 |b CHU |2 21 |
| 100 | 0 | |a Churruca, Juan de |e author |9 297618 | |
| 245 | 1 | 0 | |a Introducción histórica al derecho romano |
| 300 | |a 182 p | ||
| 942 | |c BK | ||
| 945 | |d 19930603 00:00:00 | ||
| 260 | |a Bilbao |b Universidad de Deusto |c 1977 | ||
| 650 | 0 | |a Derecho Romano Historia |9 257631 | |
| 650 | 7 | |a INTERPRETACION DEL DERECHO ROMANO |2 CL-VaPUC |9 257636 | |
| 583 | |a last modification |c 19930603 00:00:00 |k Rodrigo Vera | ||
| 490 | 0 | |a Publicaciones. Universidad de Deusto España. Serie Derecho, 7 | |
| 999 | |c 210602 |d 210600 | ||
| 952 | |0 0 |1 0 |4 0 |6 340_540000000000000_CHU_1977 |7 0 |8 DER_ROM |9 186957 |a BIBDER |b BIBDER |d 2019-11-14 |i 2546140 |l 1 |o 340.54 CHU 1977 |p 2546140 |r 2023-01-25 |s 2020-03-19 |w 2019-11-14 |x Ubicación 4to piso |y BK |z Este recurso debe solicitarse con anticipación |k DER | ||